Sports Quiz

Random Sports Quiz

Miami Dolphins Super Bowl Opponents Quiz Stats

 Plays Quiz not verified by Sporcle

Score 0/5 Timer 01:00
0 Plays Today
Super Bowl Opponent % Correct
Super Bowl VII - WonRedskins
94.3%
Super Bowl XVII - LostRedskins
94.3%
Super Bowl VI - LostCowboys
93.1%
Super Bowl VIII - WonVikings
84.9%
Super Bowl XIX - Lost49ers
84.9%

You're not logged in!

Compare scores with friends on all Sporcle quizzes.
OR
Log In

Show Comments

Extras

Top Quizzes Today


Score Distribution

Your Account Isn't Verified!

In order to create a playlist on Sporcle, you need to verify the email address you used during registration. Go to your Sporcle Settings to finish the process.

Report this User

Report this user for behavior that violates our Community Guidelines.

Details: